000 00861nam a22002777a 4500
999 _c15569
_d15569
003 MIRAKIL
005 20240305162451.0
008 240305b tu ||||| |||| 00| 0 tur d
020 _a9786053335511
040 _aTR-AnCHP
_cTR-AnCHP
041 _atur
082 _a342.56102
_bT96 2016
090 _a342.56102 T96 2016
110 _aTürkiye Cumhuriyeti
240 _aYasalar vb.
245 1 0 _aT.C. Anayasası, TCK-CMK-CGTİK-PVSK ve ilgili mevzuat /
_ceditör: Celal Ülgen.
250 _a9. bsk.
260 _aİstanbul :
_bBeta Basım Yayım,
_c2016.
300 _a881 s. ;
_c14 cm.
490 0 _aBeta Basım Yayım ;
_v3384.
490 0 _aHukuk dizisi ;
_v1640.
650 0 _96781
_aAnayasalar
650 0 _95381
_aCeza hukuku
856 _zDijital Nüshası için Partimizin Kütüphane Sorumlusu ile iletişime geçiniz.
942 _2ddc
_cBKS